00444 2200193 4500001002100000005001500021035002000036245005100056100001800107300001200125260003100137082000800168084001400176990001200190990001200202990001200214990001200226990001200238INLIS00000000000214220250527113213 a0010-05250004341 aCerdas Belajar Kimia Kelas XI /cNana Sutresna0 aNana Sutresna a354 hlm aBandung :bGrafindo,c2007 a540 a540 NAN c a0713046 a0713047 a0713048 a0713049 a0713050